Historia general del Perú : (Registro nro. 56403)

Detalles MARC
000 -LEADER
campo de control de longitud fija 01985cam a22004574i 4500
003 - IDENTIFICADOR DE NÚMERO DE CONTROL
campo de control PE-LiUPU
005 - FECHA Y HORA DE LA ÚLTIMA TRANSACCIÓN
campo de control 20250731184603.0
008 - DATOS DE LONGITUD FIJA--INFORMACIÓN GENERAL
campo de control de longitud fija 150616s r 000 0 d
020 ## - NÚMERO INTERNACIONAL ESTÁNDAR DEL LIBRO
Número Internacional Estándar del Libro 8449948134
035 ## - NÚMERO DE CONTROL DEL SISTEMA
Número de control de sistema (Sirsi) i9788449948138
040 ## - FUENTE DE CATALOGACIÓN
Centro catalogador/agencia de origen PE-LiUPU
Lengua de catalogación spa
Centro/agencia transcriptor PE-LiUPU
Normas de descripción rda
049 ## - FONDOS LOCALES (OCLC)
Biblioteca depositaria PRUA
082 04 - NÚMERO DE LA CLASIFICACIÓN DECIMAL DEWEY
Número de clasificación 985
Cutter V297h
Número de edición 23
100 1# - ENTRADA PRINCIPAL--NOMBRE DE PERSONA
Nombre de persona Vargas Ugarte, Rubén,
Término indicativo de función/relación autor.
Fechas asociadas al nombre 1886-1975.
245 10 - MENCIÓN DEL TÍTULO
Título Historia general del Perú :
Resto del título El descubrimiento y la conquista (1524-1550) /
Número de parte o sección de la obra Rubén Vargas Ugarte.
250 ## - MENCION DE EDICION
Mención de edición Tercera edición
264 #1 - PRODUCCIÓN, PUBLICACIÓN, DISTRIBUCIÓN, FABRICACIÓN Y COPYRIGHT
Producción, publicación, distribución, fabricación y copyright Lima :
Nombre del de productor, editor, distribuidor, fabricante Milla Batres,
Fecha de producción, publicación, distribución, fabricación o copyright 1981.
300 ## - DESCRIPCIÓN FÍSICA
Extensión 315 páginas :
Otras características físicas ilustraciones ;
Dimensiones 25 centímetros.
336 ## - TIPO DE CONTENIDO
Término de tipo de contenido text
Fuente rdacontent
337 ## - TIPO DE MEDIO
Nombre/término del tipo de medio unmediated
Fuente rdamedia
338 ## - TIPO DE SOPORTE
Nombre/término del tipo de soporte volume
Fuente rdacarrier
505 0# - NOTA DE CONTENIDO CON FORMATO
Nota de contenido con formato Primeras noticias del Perú -- En la isla del Gallo -- Las capitulaciones de Toledo -- La fundación de San Miguel de Piura -- La prisión de Atahuallpa -- Las fundaciones españolas de Jauja y Cuzco -- La expedición de don Pedro de Alvarado -- Fundaciones de Lima y Trujillo y Expedición de Almagro a Chile -- La sublevación de Manco Inca -- Guerra de las Salinas -- El descubrimiento del Amazonas -- Muerte de Pizarro -- La guerra de Chupas -- Las nuevas leyes -- Lagran revelión -- Entra en Lima Gonzalo Pizarro -- Iñaquido -- El pacificador del Perú -- Guarina y Sacsahuana -- El reparto de Huaynarima.
526 ## - NOTA DE INFORMACIÓN SOBRE EL PROGRAMA DE ESTUDIO
Nombre del programa Doctorado En Educación Con Mención En Currículo Y Docencia (A Distancia)
526 ## - NOTA DE INFORMACIÓN SOBRE EL PROGRAMA DE ESTUDIO
Nombre del programa Doctorado En Educación Con Mención En Currículo Y Docencia (Semipresencial)
526 ## - NOTA DE INFORMACIÓN SOBRE EL PROGRAMA DE ESTUDIO
Nombre del programa Doctorado En Educación Con Mención En Gestión Educativa (A Distancia)
526 ## - NOTA DE INFORMACIÓN SOBRE EL PROGRAMA DE ESTUDIO
Nombre del programa Doctorado En Educación Con Mención En Gestión Educativa (Semipresencial)
526 ## - NOTA DE INFORMACIÓN SOBRE EL PROGRAMA DE ESTUDIO
Nombre del programa Derecho semipresencial
526 ## - NOTA DE INFORMACIÓN SOBRE EL PROGRAMA DE ESTUDIO
Nombre del programa Derecho presencial
526 ## - NOTA DE INFORMACIÓN SOBRE EL PROGRAMA DE ESTUDIO
Nombre del programa Maestría en teología histórica
526 ## - NOTA DE INFORMACIÓN SOBRE EL PROGRAMA DE ESTUDIO
Nombre del programa Teología
526 ## - NOTA DE INFORMACIÓN SOBRE EL PROGRAMA DE ESTUDIO
Nombre del programa Educación primaria
526 ## - NOTA DE INFORMACIÓN SOBRE EL PROGRAMA DE ESTUDIO
Nombre del programa Educación secundaria, especialidad lingüística e inglés
526 ## - NOTA DE INFORMACIÓN SOBRE EL PROGRAMA DE ESTUDIO
Nombre del programa Educación secundaria, especialidad ambiental, biología y química
526 ## - NOTA DE INFORMACIÓN SOBRE EL PROGRAMA DE ESTUDIO
Nombre del programa Arquitectura
651 14 - PUNTO DE ACCESO ADICIONAL DE MATERIA--NOMBRE GEOGRÁFICO
Nombre geográfico Perú
Subdivisión general Historia
Subdivisión cronológica Descubrimiento y Conquista, 1522-1536.
910 ## - DATOS DE OPCIÓN DEL USUARIO (OCLC)
Datos de opción del usuario jck
942 ## - ELEMENTOS DE ENTRADA SECUNDARIOS (KOHA)
Fuente del sistema de clasificación o colocación Clasificación Decimal Dewey
Tipo de ítem Koha Libros físicos
Suprimir en OPAC No
949 ## - PROCESAMIENTO DE INFORMACIÓN LOCAL (OCLC)
a 985 V297h 1
w DEWEY
c 1
i 23901
l CCODEBUL1
m BUL
r 0
s Y
t BOOK
u 2015-4-23
x EDUCACION
0 COMPRA
o .STAFF. Colección General
980 ## - EQUIVALENCIA O REFERENCIA-CRUZADA-MENCIÓN DE SERIE--NOMBRE DE PERSONA/TÍTULO [LOCAL, CANADÁ]
ID del último usuario que modificó el registro 1
Nombre del último usuario que modificó el registro ALBERTO SANCHEZ Responsable de Automatización
Existencias
Visto por última vez Número de inventario Total de préstamos Signatura topográfica completa Código de barras Fecha del último préstamo Copia número Fecha de reemplazo Facultad Tipo de ítem Koha Nota pública Estado de pérdida Fuente del sistema de clasificación o colocación Especificación de materiales (volumen encuadernado u otra parte) Restricciones de uso No para préstamo Colección Programa académico Biblioteca de origen Biblioteca actual Ubicación en estantería Fecha de adquisición Fuente de adquisición
2025-12-03 6 2 985 V297h 23901 2019-05-27 e1 2015-04-23 FACIHED Libros físicos inventario-2023-12-13 No Perdido Clasificación Decimal Dewey t1 No restringido Disponible para préstamos Colección General Educación primaria Biblioteca CRAI UPeU Lima Biblioteca CRAI UPeU Lima Sala principal 2015-04-23 COMPRA